Score 0/11 Timer 00:30
0 Plays Today
% Correct
Greece
88.2%
Russia
88.1%
Philippines
80.9%
Andorra
78.9%
Guinea-Bissau
74%
Morocco
64.8%
Sierra Leone
50.8%
Cameroon
43.7%
Saint Kitts and Nevis
38.4%
Seychelles
37%
Marshall Islands
34.8%

Today's Daily Dose

Remove Ads.
Support Sporcle.
Get the best of Sporcle when you Go Orange. This ad-free experience offers more features, more stats, and more fun while also helping to support Sporcle. Thank you for becoming a member.

You're not logged in!

Compare scores with friends on all Sporcle quizzes.
OR
Log In

Show Comments

Extras

Top Quizzes Today


Score Distribution

Your Account Isn't Verified!

In order to create a playlist on Sporcle, you need to verify the email address you used during registration. Go to your Sporcle Settings to finish the process.

Report this User

Report this user for behavior that violates our Community Guidelines.

Details: